| 000 | 01111nam a2200301 a 4500 | ||
|---|---|---|---|
| 001 | ebr10417618 | ||
| 003 | CaPaEBR | ||
| 006 | m u | ||
| 007 | cr cn||||||||| | ||
| 008 | 101215s2007 ii a sb 000 0 eng d | ||
| 020 | _z9788171336777 | ||
| 020 | _z8171336779 | ||
| 040 |
_aCaPaEBR _cCaPaEBR |
||
| 035 | _a(OCoLC)698682819 | ||
| 050 | 1 | 4 |
_aQL463 _b.S56 2007eb |
| 100 | 1 | _aSingh, Rajendra. | |
| 245 | 1 | 0 |
_aElements of entomology _h[electronic resource] / _cby Rajendra Singh ; foreword by G.C. Sachan. |
| 250 | _a1st ed. | ||
| 260 |
_aMeerut, India : _bRastogi Publications, _c2007. |
||
| 300 |
_a564 p. : _bill. |
||
| 504 | _aIncludes bibliographical references. | ||
| 533 |
_aElectronic reproduction. _bPalo Alto, Calif. : _cebrary, _d2011. _nAvailable via World Wide Web. _nAccess may be limited to ebrary affiliated libraries. |
||
| 650 | 0 | _aEntomology. | |
| 655 | 7 |
_aElectronic books. _2local |
|
| 700 | 1 | _aSachan, G. C. | |
| 710 | 2 | _aebrary, Inc. | |
| 856 | 4 | 0 |
_uhttp://site.ebrary.com/lib/rucke/Doc?id=10417618 _zAn electronic book accessible through the World Wide Web; click to view |
| 999 |
_c84668 _d84668 |
||